000 01201njm a22002777a 4500
005 20100917144349.0
006 a|||||r|||||00| 0
007 sd ammalaaahaa
008 100831t xxu||||| |||| 00| 0 eng d
028 _aECSD.2904
_bHis Master's Voice
035 _aGR-03379
040 _aSED
_cSED
100 _aSharan, Hari Om
_917690
245 _aHe parmeshwar vishwa vidhaata - prarthana /
_cby Hari Om Sharan [and] Nandini Sharan
_h[Sound Recording] :
246 _aहे परमेश्वर विश्व विधाता - प्रार्थना / हरी ॐ शरण द्वारा
260 _aDum Dum India
_bHis Master's Voice
_c1982
300 _a1 sound disc (Gramophone Recording)
_banalog 33 1/3 rpm
_c12 in. (LP)
_fGramophone Record
500 _aBrief Record
500 _aRecord label: His Master's Voice; Red
505 _aSide-2 Jinke hirday shriram rame - Shriram mahima (Hari Om Sharan & Chorus)
600 _aSharan, Hari Om
_920536
650 _aDevotional songs
_xExcerpts
_zIndia
_917691
700 _aSharan, Nandini
_920537
942 _2ddc
_cGR
999 _c46518
_d46518